| 000 | 01783nam a2200397 c 4500 | ||
|---|---|---|---|
| 999 |
_c8475 _d8475 |
||
| 003 | BLK | ||
| 005 | 20240117132952.0 | ||
| 008 | 180412b bul|||||r ||||||| ||bul|| | ||
| 010 | _aKNG00009823000 | ||
| 020 | _a954-8843-03-Х | ||
| 040 | _aBLK | ||
| 041 |
_aBUL _cBUL |
||
| 080 |
_aМетоди на управление. Мениджмънт. Анализи, планиране, ръководство, сътрудничество, контрол, коопериране и др. _b005.5 _x(075) _z005.5(075) |
||
| 080 |
_aФорми на предприятията в зависимост от отношението към собствеността... _b334.72 _x.008(075) _z334.72.008(075) |
||
| 100 | 1 |
_aАлександров, Крум Стефанов _eпърви автор _9244730 |
|
| 139 |
_aАлександров, Крум Стефанов _bА 51 |
||
| 245 | 1 | 0 |
_aМениджмънт на организации и предприятия _cКрум Стефанов Александров. |
| 257 | _aBGR | ||
| 260 |
_bЛИА _c1995 |
||
| 300 |
_a424 с. _bс табл., сх., черт. _c24 см |
||
| 380 | _a0 | ||
| 500 | _aОфс. изд. - 1 000 тир. - Библиогр. с. 423. | ||
| 504 | _a423 | ||
| 650 | 4 |
_aФирми - организация и управление - учебни помагала _9243755 |
|
| 650 | 4 |
_aУправление - фирми - учебни помагала _9243756 |
|
| 653 | _aмениджмънт | ||
| 653 | _aорганизации | ||
| 653 | _aпредприятия | ||
| 852 | _aЦб 183906 | ||
| 856 | 4 |
_qpdf _u |
|
| 856 | 4 |
_qpdf _u |
|
| 942 |
_cKNG _n0 _07 _s1 |
||
| 944 |
_aCR _c15.01.2003 _k30531 _lЦветелина Шанова |
||
| 944 |
_aED _c27.11.2012 |
||
| 999 | _d8475 | ||